Organizational behavior: Managing people and organizations (Record no. 311397)

MARC details
000 -LEADER
fixed length control field 00584 a2200217 4500
005 - DATE & TIME
control field 20240326153928.0
008 - FIXED-LENGTH DATA ELEMENTS--GENERAL INFORMATION
fixed length control field 240315b |||||||| |||| 00| 0 eng d
020 ## - ISBN
International Standard Book Number 9789355730572
Price Rs. 999.00
040 ## - CATALOGING SOURCE
Original cataloging agency VIVEKANANDA LIBRARY
082 ## - DDC NUMBER
Classification number 658.4
Book Number G875O(13)
100 ## - MAIN ENTRY--PERSONAL NAME
Personal name Griffin, Ricky W
245 ## - TITLE STATEMENT
Title Organizational behavior: Managing people and organizations
250 ## - EDITION STATEMENT
Edition statement 13th
260 ## - PUBLICATION, DISTRIBUTION, ETC. (IMPRINT)
Name of publisher, distributor, etc Cengage India
Place of publication, distribution, etc Delhi
Date of publication, distribution, etc 2022
300 ## - PHYSICAL DESCRIPTION
Pages xxv, 576
650 ## - Subject
Subject Management
650 ## - Subject
Subject Organizational Behavior
700 ## - Added Entry Personal Name
Added Entry Personal Name Phillips, Jean M
700 ## - Added Entry Personal Name
Added Entry Personal Name Gully, Stanley M
942 ## - ADDED ENTRY ELEMENTS (KOHA)
Koha item type Books
Holdings
Withdrawn status Lost status Source of classification or shelving scheme Damaged status Not for loan Location (home branch) Sublocation or collection (holding branch) Date acquired Koha issues (times borrowed) Koha full call number Accession No. Koha date last seen Koha item type
    Dewey Decimal Classification     VIVEKANANDA LIBRARY VIVEKANANDA LIBRARY 29/02/2024   658.4 G875O(13) 440441 29/02/2024 Books
© Designed and Maintained by Vivekananda Library, MDU Rohtak